Culture Générale - Série 901 - Statistiques

Statistiques générales
  • Ce quiz a été pris 104 fois
    80 depuis la dernière actualisation
  • Le résultat moyen est 3 sur 10
Statistiques - réponses
Question Réponse % Correct
Si vous dégustez des niniches sur la plage de Quiberon, dans quel département vous trouvez-vous ? Morbihan
63%
Dans quel département du sud de la France est située la ville de Romans ? Drôme
58%
Quel espèce d'animal est une épeire ? araignée
55%
De quel département la ville de Gex est-elle une sous-préfecture ? Ain
45%
Comment appelle-t-on le discours prononcé par le ministère public pour demander l'application de la loi ? réquisitoire
39%
Comment se prénomme le héros homérique qui tua Achille d'une flèche au talon ? Pâris
37%
Comment appelle-t-on le genre de palmier qui pousse en Afrique ou en Asie dont on extrait l'huile de palme ? éléis
12%
Dans l'Antiquité,quel nom donnait-on à un professeur d'art oratoire ? rhéteur
12%
Jusque dans les années 1920, comment appelait-on la coopérative de production soviétique, qui possédait la terre, le bétail et les outils de travail ? artel
9%
Comment appelle-t-on une tumeur bénigne qui se développe au dépend des muqueuses de nos cavités naturelles ? polype
4%
Aucun quiz correspondant
Distribution des résultats
% des personnes avec chaque résultat
Percentile par nombre de réponses
Votre historique - résultats
Vous n’avez pas pris ce quiz depuis la dernière actualisation